Television : (Record no. 7872)

MARC details
000 -LEADER
fixed length control field 01418nam a22002897a 4500
001 - CONTROL NUMBER
control field 7872
003 - CONTROL NUMBER IDENTIFIER
control field FISKH
005 - DATE AND TIME OF LATEST TRANSACTION
control field 20250812161518.0
008 - FIXED-LENGTH DATA ELEMENTS--GENERAL INFORMATION
fixed length control field 250812b cb ||||| |||| 00| 0 eng d
040 ## - CATALOGING SOURCE
Original cataloging agency DLC
Language of cataloging eng
Transcribing agency DLC
Description conventions rda
Modifying agency DLC
050 ## - LIBRARY OF CONGRESS CALL NUMBER
Classification number PN1992.57 O74
082 ## - DEWEY DECIMAL CLASSIFICATION NUMBER
Classification number 384.55
100 1# - MAIN ENTRY--PERSONAL NAME
Personal name Otfinoski, Steven
Dates associated with a name (1940-)
245 10 - TITLE STATEMENT
Title Television :
Remainder of title from concept to consumer /
Statement of responsibility, etc. By Steven Otfinoski.
250 ## - EDITION STATEMENT
Edition statement This edition first published in 2015
260 ## - PUBLICATION, DISTRIBUTION, ETC.
Place of publication, distribution, etc. New York :
Name of publisher, distributor, etc. Children,
Date of publication, distribution, etc. 2015
300 ## - PHYSICAL DESCRIPTION
Extent 64 pages :
Other physical details colored illustrations ;
Dimensions 23 cm.
490 0# - SERIES STATEMENT
Series statement Calling all innovators: a career for you?
505 ## - FORMATTED CONTENTS NOTE
Formatted contents note Z<br/>
520 ## - SUMMARY, ETC.
Summary, etc. Whether you like to watch live broadcasts of your local sports teams, discuss the results of the latest reality shows with your friends, or stream shows on your laptop, you probably have a wide range of TV shows that you like to watch. Readers will find out how these shows are created and broadcast into millions of homes around the world. They will also learn about the history of television, explore a variety of different careers within the television industry, and take a look at some of the most groundbreaking shows ever made.<br/>
521 8# - TARGET AUDIENCE NOTE
Target audience note 1090<br/>
Source Lexile<br/>
521 8# - TARGET AUDIENCE NOTE
Target audience note Z<br/>
Source Raz-Plus<br/>
650 #0 - SUBJECT ADDED ENTRY--TOPICAL TERM
Topical term or geographic name entry element Television broadcasting
Form subdivision Juvenile literature.
650 #0 - SUBJECT ADDED ENTRY--TOPICAL TERM
Topical term or geographic name entry element Television
General subdivision Vocational guidance
Form subdivision Juvenile literature.
942 ## - ADDED ENTRY ELEMENTS (KOHA)
Source of classification or shelving scheme Dewey Decimal Classification
Koha item type Books
Suppress in OPAC No
Holdings
Withdrawn status Lost status Source of classification or shelving scheme Damaged status Not for loan Collection Home library Current library Shelving location Date acquired Total Checkouts Full call number Barcode Date last seen Copy number Price effective from Koha item type
    Dewey Decimal Classification     Non-Fiction Footprints International School Library Network Toul Tom Poung Campus Footprints International School Library Network Toul Tom Poung Campus TTP Secondary Non-Fiction Bookshelves 08/12/2025   OTF 384.55 PN1992.57 O74 FISSE00620 08/12/2025 1 08/12/2025 Books